000
00306nam a22001337a 4500
008
181102b xxu||||| |||| 00| 0 eng d
020
_a
9780761987642
041
_a
eng
080
_a
370
100
_a
45
101
_a
EDU
245
_a
Dimensions Of Human Behavior
_c
Elizabeth..D.H
942
_2
udc
_c
BK
999
_c
51711
_d
51711